Manuscrito de Huarochirí: Libro sagrado de los Andes Peruanos
Furkejuvvon:
| Váldodahkki: | |
|---|---|
| Materiálatiipa: | Girji |
| Giella: | espánnjágiella |
| Almmustuhtton: |
Madrid
Universidad de Extremadura
2011
|
| Preanttus: | 1a. ed |
| Ráidu: | Biblioteca Nueva
|
| Fáttát: | |
| Fáddágilkorat: |
Lasit fáddágilkoriid
Eai fáddágilkorat, Lasit vuosttaš fáddágilkora!
|
MARC
| LEADER | 00000cam a2200000 a 4500 | ||
|---|---|---|---|
| 001 | UCD6752 | ||
| 003 | CL-VaPUC | ||
| 008 | 170113e20110000sp |||||||||||||||||spa|d | ||
| 020 | |a 9788499402581 | ||
| 082 | 0 | 4 | |a 985.019 |b UZQ |2 21 |
| 100 | 0 | |a Uzquiza González, José Ignacio |e author |9 590562 | |
| 245 | 1 | 0 | |a Manuscrito de Huarochirí: Libro sagrado de los Andes Peruanos |
| 250 | |a 1a. ed | ||
| 300 | |a 480 p | ||
| 942 | |c BK | ||
| 945 | |d 20170113 07:29:00 |a arojas | ||
| 260 | |a Madrid |b Universidad de Extremadura |c 2011 | ||
| 500 | |a Incluye cd | ||
| 500 | |a Facsímil del manuscrito | ||
| 650 | 7 | |a HISTORIA DEL PERU SIGLO 17 |2 CL-VaPUC |9 446241 | |
| 650 | 0 | |a Manuscritos |9 313680 | |
| 650 | 7 | |a INDIOS DEL PERU |2 CL-VaPUC |9 268436 | |
| 650 | 0 | |a Imperio Inca |9 441384 | |
| 583 | |a last modification |c 20170113 07:29:00 |k Rodrigo Vera | ||
| 490 | 0 | |a Biblioteca Nueva | |
| 999 | |c 366940 |d 366938 | ||
| 952 | |0 0 |1 0 |3 erd |4 0 |6 985_019000000000000_UZQ_2011 |7 0 |8 A |9 481595 |a BIBHIS |b BIBHIS |i 5359732 |l 1 |o 985.019 UZQ 2011 |p 5359732 |r 2025-01-20 |s 2022-11-29 |w 2019-11-24 |y BK |z Catalogado en:20170113 |k HIS | ||